[Event "ODJM A 2023"]
[Site "Willingen GER"]
[Date "2023.05.30"]
[Round "4"]
[White "Mader, Fabian"]
[Black "Schwarz, David"]
[Result "1-0"]
[Termination "normal"]
[Board "27"]
[WhiteElo "1889"]
[BlackElo "1431"]
[WhiteClock "00:32:13"]
[BlackClock "00:49:02"]
[PlyCount "49"]
[WhiteFideId "16265866"]
[BlackFideId "16287614"]
[EventCountry "GER"]
[EventRounds "9"]
[EventType "swiss"]
[EventDate "2023.05.27"]

1. e4 {[%clk 01:30:57]} {[%emt 00:00:02]} e5 {[%clk 01:30:55]} {[%emt
00:00:06]} 2. Nf3 {[%clk 01:31:20]} {[%emt 00:00:06]} Nc6 {[%clk 01:31:22]}
{[%emt 00:00:03]} 3. Bc4 {[%clk 01:31:43]} {[%emt 00:00:06]} Nf6 {[%clk
01:31:49]} {[%emt 00:00:03]} 4. d3 {[%clk 01:32:06]} {[%emt 00:00:07]} Be7
{[%clk 01:32:04]} {[%emt 00:00:15]} 5. c3 {[%clk 01:31:51]} {[%emt 00:00:45]}
d6 {[%clk 01:32:21]} {[%emt 00:00:13]} 6. Nbd2 {[%clk 01:31:33]} {[%emt
00:00:48]} O-O {[%clk 01:32:41]} {[%emt 00:00:10]} 7. a4 {[%clk 01:30:23]}
{[%emt 00:01:40]} h6 {[%clk 01:31:43]} {[%emt 00:01:29]} 8. O-O {[%clk
01:28:19]} {[%emt 00:02:33]} Nh7 {[%clk 01:26:23]} {[%emt 00:05:50]} 9. d4
{[%clk 01:22:25]} {[%emt 00:06:23]} Kh8 {[%clk 01:24:11]} {[%emt 00:02:43]} 10.
Re1 {[%clk 01:21:15]} {[%emt 00:01:40]} f5 {[%clk 01:19:03]} {[%emt 00:05:39]}
11. dxe5 {[%clk 01:13:56]} {[%emt 00:07:48]} dxe5 {[%clk 01:18:15]} {[%emt
00:01:18]} 12. Bd5 {[%clk 01:07:23]} {[%emt 00:07:03]} Bd6 {[%clk 01:10:54]}
{[%emt 00:07:52]} 13. Nc4 {[%clk 01:03:40]} {[%emt 00:04:13]} Qe7 {[%clk
01:08:59]} {[%emt 00:02:25]} 14. exf5 {[%clk 01:02:03]} {[%emt 00:02:06]} Rxf5
{[%clk 01:09:03]} {[%emt 00:00:26]} 15. Qe2 {[%clk 00:57:34]} {[%emt 00:19:29]}
Be6 16. Bxe6 {[%clk 00:46:50]} Qxe6 {[%clk 01:07:27]} 17. b4 {[%clk 00:46:48]}
Raf8 {[%clk 00:56:17]} {[%emt 00:11:32]} 18. b5 {[%clk 00:43:52]} {[%emt
00:03:26]} Rxf3 {[%clk 00:56:21]} {[%emt 00:00:25]} 19. gxf3 {[%clk 00:44:10]}
{[%emt 00:00:12]} Rf6 {[%clk 00:56:48]} {[%emt 00:00:04]} 20. bxc6 {[%clk
00:42:19]} {[%emt 00:02:21]} Qh3 {[%clk 00:54:13]} {[%emt 00:03:05]} 21. Qe4
{[%clk 00:34:45]} {[%emt 00:08:04]} Bc5 {[%clk 00:48:25]} {[%emt 00:06:18]} 22.
cxb7 {[%clk 00:31:51]} {[%emt 00:03:24]} Bxf2+ {[%clk 00:48:11]} {[%emt
00:00:44]} 23. Kxf2 {[%clk 00:31:37]} {[%emt 00:00:44]} Qxh2+ {[%clk 00:48:37]}
{[%emt 00:00:05]} 24. Ke3 {[%clk 00:31:51]} {[%emt 00:00:15]} Ng5 {[%clk
00:49:02]} {[%emt 00:00:05]} 25. b8=Q+ {[%clk 00:32:13]} {[%emt 00:00:09]} 1-0

[Event "ODJM A 2023"]
[Site "Willingen GER"]
[Date "2023.05.30"]
[Round "4"]
[White "Mehner, Lorenz"]
[Black "Hahn, Peter"]
[Result "1-0"]
[Termination "normal"]
[Board "28"]
[WhiteElo "1681"]
[BlackElo "1814"]
[WhiteClock "00:19:51"]
[BlackClock "01:13:23"]
[PlyCount "47"]
[WhiteFideId "16293096"]
[BlackFideId "34627316"]
[EventCountry "GER"]
[EventRounds "9"]
[EventType "swiss"]
[EventDate "2023.05.27"]

1. d4 {[%clk 01:30:52]} {[%emt 00:00:08]} Nf6 {[%clk 01:30:57]} {[%emt
00:00:04]} 2. c4 {[%clk 01:31:12]} {[%emt 00:00:10]} e6 {[%clk 01:31:24]}
{[%emt 00:00:03]} 3. Nc3 {[%clk 01:31:32]} {[%emt 00:00:10]} Bb4 {[%clk
01:31:50]} {[%emt 00:00:04]} 4. e3 {[%clk 01:31:41]} {[%emt 00:00:20]} c5
{[%clk 01:31:51]} {[%emt 00:00:29]} 5. Nge2 {[%clk 01:25:35]} {[%emt 00:06:36]}
b6 {[%clk 01:30:26]} {[%emt 00:01:55]} 6. d5 {[%clk 01:11:17]} {[%emt
00:14:48]} O-O {[%clk 01:19:47]} {[%emt 00:11:09]} 7. a3 {[%clk 01:05:29]}
{[%emt 00:06:18]} Ba5 {[%clk 01:20:06]} {[%emt 00:00:11]} 8. Rb1 {[%clk
01:04:40]} {[%emt 00:01:20]} Na6 {[%clk 01:17:11]} {[%emt 00:03:25]} 9. Bd2
{[%clk 00:56:40]} {[%emt 00:08:30]} Bb7 {[%clk 01:15:23]} {[%emt 00:02:18]} 10.
e4 {[%clk 00:51:58]} {[%emt 00:05:11]} exd5 {[%clk 01:15:00]} {[%emt 00:00:53]}
11. cxd5 {[%clk 00:46:42]} {[%emt 00:05:46]} Re8 {[%clk 01:14:46]} {[%emt
00:00:44]} 12. Qc2 {[%clk 00:45:22]} {[%emt 00:01:49]} Bxc3 {[%clk 01:14:52]}
{[%emt 00:00:24]} 13. Nxc3 {[%clk 00:43:40]} {[%emt 00:02:13]} Nxd5 {[%clk
01:15:08]} {[%emt 00:00:14]} 14. Bxa6 {[%clk 00:41:28]} {[%emt 00:02:42]} Nxc3
{[%clk 01:15:34]} {[%emt 00:00:04]} 15. Bxb7 {[%clk 00:40:01]} {[%emt
00:01:57]} Nxb1 {[%clk 01:16:00]} {[%emt 00:00:04]} 16. Qxb1 {[%clk 00:39:35]}
{[%emt 00:00:56]} Rb8 {[%clk 01:16:24]} {[%emt 00:00:07]} 17. Bd5 {[%clk
00:39:24]} {[%emt 00:00:41]} b5 {[%clk 01:14:13]} {[%emt 00:02:41]} 18. O-O
{[%clk 00:36:48]} {[%emt 00:03:05]} a5 {[%clk 01:14:09]} {[%emt 00:00:35]} 19.
Qd3 {[%clk 00:32:11]} {[%emt 00:05:07]} b4 {[%clk 01:14:02]} {[%emt 00:00:37]}
20. axb4 {[%emt 00:03:17]} cxb4 {[%clk 01:14:23]} {[%emt 00:00:05]} 21. Bf4
{[%clk 00:28:30]} {[%emt 00:01:27]} Rc8 {[%clk 01:13:41]} {[%emt 00:01:12]} 22.
Bb7 {[%clk 00:23:06]} {[%emt 00:05:54]} Rc5 {[%clk 01:14:00]} {[%emt 00:00:11]}
23. Rd1 {[%clk 00:22:23]} {[%emt 00:01:12]} f5 {[%clk 01:13:23]} {[%emt
00:01:07]} 24. Bd6 {[%clk 00:19:51]} {[%emt 00:03:02]} 1-0

[Event "ODJM A 2023"]
[Site "Willingen GER"]
[Date "2023.05.30"]
[Round "4"]
[White "Matthes, Benjamin"]
[Black "Seitz, Manuel"]
[Result "1/2-1/2"]
[Termination "normal"]
[Board "29"]
[WhiteElo "1816"]
[BlackElo "1791"]
[WhiteClock "00:09:54"]
[BlackClock "00:12:59"]
[PlyCount "96"]
[WhiteFideId "16227298"]
[BlackFideId "16215770"]
[EventCountry "GER"]
[EventRounds "9"]
[EventType "swiss"]
[EventDate "2023.05.27"]

1. e4 {[%clk 01:30:18]} {[%emt 00:00:41]} c6 {[%clk 01:28:42]} {[%emt
00:02:18]} 2. d4 {[%clk 01:28:45]} {[%emt 00:02:03]} d5 {[%clk 01:29:06]}
{[%emt 00:00:05]} 3. e5 {[%clk 01:25:07]} {[%emt 00:04:08]} Bf5 {[%clk
01:28:39]} {[%emt 00:00:57]} 4. h4 {[%clk 01:25:22]} {[%emt 00:00:15]} h6
{[%clk 01:27:22]} {[%emt 00:01:46]} 5. g4 {[%clk 01:22:36]} {[%emt 00:03:16]}
Bg6 {[%clk 01:18:29]} {[%emt 00:09:23]} 6. h5 {[%clk 00:54:15]} {[%emt
00:28:51]} Bh7 {[%clk 01:16:13]} {[%emt 00:02:45]} 7. e6 {[%clk 00:53:56]}
{[%emt 00:00:50]} fxe6 {[%clk 01:09:59]} {[%emt 00:06:44]} 8. Bd3 {[%clk
00:49:59]} {[%emt 00:04:27]} Bxd3 {[%clk 01:00:25]} {[%emt 00:10:04]} 9. Qxd3
{[%clk 00:50:27]} {[%emt 00:00:02]} Nf6 {[%clk 00:59:19]} {[%emt 00:01:36]} 10.
Nf3 {[%clk 00:40:49]} {[%emt 00:10:09]} Qc7 {[%clk 00:50:21]} {[%emt 00:09:28]}
11. Ne5 {[%clk 00:29:55]} {[%emt 00:11:24]} Ne4 {[%clk 00:49:12]} {[%emt
00:01:38]} 12. f3 {[%clk 00:20:08]} {[%emt 00:10:17]} Nd6 {[%clk 00:37:53]}
{[%emt 00:11:49]} 13. Bf4 {[%clk 00:10:34]} {[%emt 00:10:05]} Qa5+ {[%clk
00:35:29]} {[%emt 00:02:54]} 14. Nc3 {[%clk 00:11:02]} {[%emt 00:00:02]} Nd7
{[%clk 00:34:46]} {[%emt 00:01:13]} 15. Ng6 {[%clk 00:07:56]} {[%emt 00:03:36]}
Rg8 {[%clk 00:33:35]} {[%emt 00:01:40]} 16. Qe2 {[%clk 00:07:11]} {[%emt
00:01:16]} e5 {[%clk 00:26:03]} {[%emt 00:08:03]} 17. Bxe5 {[%clk 00:06:23]}
{[%emt 00:01:17]} Nc4 {[%clk 00:25:08]} {[%emt 00:01:24]} 18. O-O {[%clk
00:03:26]} {[%emt 00:03:27]} Ncxe5 {[%clk 00:21:33]} {[%emt 00:04:05]} 19. Nxe5
{[%clk 00:03:18]} {[%emt 00:00:39]} Qc7 {[%clk 00:20:15]} {[%emt 00:01:47]} 20.
Rfe1 {[%clk 00:01:18]} {[%emt 00:02:29]} Nxe5 {[%clk 00:14:35]} {[%emt
00:06:10]} 21. Qxe5 {[%clk 00:01:46]} {[%emt 00:00:02]} Qxe5 {[%clk 00:13:10]}
{[%emt 00:01:55]} 22. Rxe5 {[%clk 00:02:09]} {[%emt 00:00:07]} O-O-O {[%clk
00:12:18]} {[%emt 00:01:23]} 23. Ne2 {[%clk 00:02:12]} {[%emt 00:00:26]} g5
{[%clk 00:10:22]} {[%emt 00:02:25]} 24. c3 {[%clk 00:01:41]} {[%emt 00:01:02]}
Rd6 {[%clk 00:09:16]} {[%emt 00:01:36]} 25. Re1 {[%clk 00:01:23]} {[%emt
00:00:47]} Kd7 {[%clk 00:07:40]} {[%emt 00:02:07]} 26. Nc1 {[%clk 00:01:47]}
{[%emt 00:00:07]} Rf6 {[%clk 00:07:32]} {[%emt 00:00:38]} 27. Kg2 {[%clk
00:01:10]} {[%emt 00:01:07]} e6 {[%clk 00:07:38]} {[%emt 00:00:23]} 28. Nd3
{[%clk 00:01:35]} {[%emt 00:00:05]} Bd6 {[%clk 00:07:15]} {[%emt 00:00:53]} 29.
R5e3 {[%clk 00:01:12]} {[%emt 00:00:53]} Rgf8 {[%clk 00:07:13]} {[%emt
00:00:32]} 30. b4 {[%clk 00:01:19]} {[%emt 00:00:23]} a6 {[%clk 00:05:06]}
{[%emt 00:02:36]} 31. a4 {[%clk 00:01:11]} {[%emt 00:00:39]} b6 {[%clk
00:04:02]} {[%emt 00:01:34]} 32. Ra1 {[%clk 00:00:37]} {[%emt 00:01:03]} Rc8
{[%clk 00:02:54]} {[%emt 00:01:38]} 33. Rc1 {[%clk 00:00:37]} {[%emt 00:00:30]}
Bf4 {[%clk 00:02:15]} {[%emt 00:01:09]} 34. Nxf4 {[%clk 00:01:01]} {[%emt
00:00:06]} Rxf4 {[%clk 00:02:38]} {[%emt 00:00:07]} 35. Rce1 {[%clk 00:01:21]}
{[%emt 00:00:10]} Rf6 {[%clk 00:02:33]} {[%emt 00:00:35]} 36. Rc1 {[%clk
00:01:04]} {[%emt 00:00:47]} Rf4 {[%clk 00:02:01]} {[%emt 00:01:02]} 37. Rd3
{[%clk 00:01:02]} {[%emt 00:00:32]} c5 {[%clk 00:01:22]} {[%emt 00:01:09]} 38.
bxc5 {[%clk 00:00:40]} {[%emt 00:00:53]} bxc5 {[%clk 00:01:42]} {[%emt
00:00:10]} 39. dxc5 {[%clk 00:00:36]} {[%emt 00:00:34]} Rxc5 {[%clk 00:01:58]}
{[%emt 00:00:14]} 40. Rb1 {[%clk 00:00:39]} {[%emt 00:00:27]} Rxa4 {[%clk
00:01:07]} {[%emt 00:01:21]} 41. Rb7+ {[%clk 00:23:15]} {[%emt 00:07:54]} Rc7
{[%clk 00:28:18]} {[%emt 00:03:19]} 42. Rb6 {[%clk 00:15:45]} {[%emt 00:08:00]}
Ra3 {[%clk 00:25:04]} {[%emt 00:03:43]} 43. Re3 {[%clk 00:14:36]} {[%emt
00:01:39]} Rcxc3 {[%clk 00:19:02]} {[%emt 00:06:32]} 44. Rexe6 {[%clk
00:10:31]} {[%emt 00:04:35]} Rxf3 {[%clk 00:18:03]} {[%emt 00:01:29]} 45. Rxh6
{[%clk 00:10:45]} {[%emt 00:00:16]} Rg3+ {[%clk 00:15:38]} {[%emt 00:02:55]}
46. Kf2 {[%clk 00:11:04]} {[%emt 00:00:11]} Rxg4 {[%clk 00:15:14]} {[%emt
00:00:55]} 47. Rh7+ {[%clk 00:09:40]} {[%emt 00:01:54]} Kc8 {[%clk 00:15:00]}
{[%emt 00:00:43]} 48. Rc6+ {[%clk 00:09:54]} {[%emt 00:00:16]} Kd8 {[%clk
00:12:59]} {[%emt 00:02:31]} 1/2-1/2

[Event "ODJM A 2023"]
[Site "Willingen GER"]
[Date "2023.05.30"]
[Round "4"]
[White "Stiller, Maximilian"]
[Black "Ruddat, Jarne"]
[Result "0-1"]
[Termination "normal"]
[Board "30"]
[WhiteElo "1657"]
[BlackElo "1846"]
[WhiteClock "01:08:36"]
[BlackClock "00:48:42"]
[PlyCount "72"]
[WhiteFideId "16254465"]
[BlackFideId "16254236"]
[EventCountry "GER"]
[EventRounds "9"]
[EventType "swiss"]
[EventDate "2023.05.27"]

1. d4 {[%clk 01:30:58]} Nf6 {[%clk 01:30:53]} {[%emt 00:00:07]} 2. Nf3 {[%clk
01:31:22]} {[%emt 00:00:07]} d5 {[%clk 01:31:16]} {[%emt 00:00:07]} 3. e3
{[%clk 01:30:48]} {[%emt 00:01:04]} c5 {[%clk 01:31:34]} {[%emt 00:00:11]} 4.
Bd3 {[%clk 01:30:39]} {[%emt 00:00:40]} Nc6 {[%clk 01:31:41]} {[%emt 00:00:23]}
5. b3 {[%clk 01:30:43]} {[%emt 00:00:25]} cxd4 {[%clk 01:30:07]} {[%emt
00:02:04]} 6. exd4 {[%clk 01:31:03]} {[%emt 00:00:11]} Bg4 {[%clk 01:28:16]}
{[%emt 00:02:20]} 7. Bb2 {[%clk 01:31:20]} {[%emt 00:00:13]} e6 {[%clk
01:27:23]} {[%emt 00:01:23]} 8. Nbd2 {[%clk 01:31:18]} {[%emt 00:00:31]} Be7
{[%clk 01:24:12]} {[%emt 00:03:41]} 9. O-O {[%clk 01:31:14]} {[%emt 00:00:34]}
O-O {[%clk 01:24:02]} {[%emt 00:00:40]} 10. a3 {[%clk 01:27:03]} {[%emt
00:04:42]} Rc8 {[%clk 01:19:55]} {[%emt 00:04:36]} 11. Qe1 {[%clk 01:26:59]}
{[%emt 00:00:35]} Qb6 {[%clk 01:18:02]} {[%emt 00:02:23]} 12. Qe3 {[%clk
01:21:33]} {[%emt 00:05:56]} Bh5 {[%clk 01:05:17]} {[%emt 00:13:16]} 13. c4
{[%clk 01:18:37]} {[%emt 00:03:25]} dxc4 {[%clk 00:59:55]} {[%emt 00:05:53]}
14. Nxc4 {[%clk 01:18:39]} {[%emt 00:00:27]} Qc7 {[%clk 00:58:42]} {[%emt
00:01:41]} 15. Nce5 {[%clk 01:13:01]} {[%emt 00:06:09]} Nd5 {[%clk 00:53:18]}
{[%emt 00:05:55]} 16. Qe4 {[%clk 01:08:36]} {[%emt 00:04:54]} Bg6 {[%clk
00:48:42]} 17. Nxg6 {[%clk 01:08:36]} hxg6 {[%clk 00:48:42]} 18. Ne5 {[%clk
01:08:36]} Nf6 {[%clk 00:48:42]} 19. Qe3 {[%clk 01:08:36]} Nxe5 {[%clk
00:48:42]} 20. dxe5 {[%clk 01:08:36]} Bc5 {[%clk 00:48:42]} 21. Qg5 {[%clk
01:08:36]} Nd5 {[%clk 00:48:42]} 22. b4 {[%clk 01:08:36]} Qb6 {[%clk 00:48:42]}
23. Rac1 {[%clk 01:08:36]} Bd4 {[%clk 00:48:42]} 24. Bxd4 {[%clk 01:08:36]}
Qxd4 {[%clk 00:48:42]} 25. Rcd1 {[%clk 01:08:36]} Qc3 {[%clk 00:48:42]} 26. h4
{[%clk 01:08:36]} Qxa3 {[%clk 00:48:42]} 27. h5 {[%clk 01:08:36]} Qxb4 {[%clk
00:48:42]} 28. hxg6 {[%clk 01:08:36]} Qf4 {[%clk 00:48:42]} 29. gxf7+ {[%clk
01:08:36]} Rxf7 {[%clk 00:48:42]} 30. Qg6 {[%clk 01:08:36]} Qh6 {[%clk
00:48:42]} 31. Qg4 {[%clk 01:08:36]} Rf4 {[%clk 00:48:42]} 32. Qe2 {[%clk
01:08:36]} Rh4 {[%clk 00:48:42]} 33. f3 {[%clk 01:08:36]} Rh1+ {[%clk
00:48:42]} 34. Kf2 {[%clk 01:08:36]} Qh4+ {[%clk 00:48:42]} 35. g3 {[%clk
01:08:36]} Rh2+ {[%clk 00:48:42]} 36. Kg1 {[%clk 01:08:36]} Qxg3+ {[%clk
00:48:42]} 0-1

[Event "ODJM A 2023"]
[Site "Willingen GER"]
[Date "2023.05.30"]
[Round "4"]
[White "Zobel, Christian"]
[Black "Tulchynsky, David"]
[Result "1/2-1/2"]
[Termination "normal"]
[Board "31"]
[WhiteElo "1633"]
[BlackElo "1660"]
[WhiteClock "00:07:57"]
[BlackClock "00:07:08"]
[PlyCount "85"]
[WhiteFideId "16259068"]
[BlackFideId "16289560"]
[EventCountry "GER"]
[EventRounds "9"]
[EventType "swiss"]
[EventDate "2023.05.27"]

1. e4 {[%clk 01:30:49]} {[%emt 00:00:10]} c5 {[%clk 01:29:10]} {[%emt
00:01:51]} 2. Nf3 {[%clk 01:30:45]} {[%emt 00:00:34]} Nc6 {[%clk 01:29:10]}
{[%emt 00:00:30]} 3. d4 {[%clk 01:29:20]} {[%emt 00:01:54]} cxd4 {[%clk
01:29:36]} {[%emt 00:00:05]} 4. Nxd4 {[%clk 01:29:48]} {[%emt 00:00:01]} g6
{[%clk 01:29:57]} {[%emt 00:00:09]} 5. c4 {[%clk 01:29:08]} {[%emt 00:01:09]}
Bg7 {[%clk 01:30:20]} {[%emt 00:00:07]} 6. Be3 {[%clk 01:29:25]} {[%emt
00:00:13]} d6 {[%clk 01:28:09]} {[%emt 00:02:42]} 7. Nc3 {[%clk 01:28:12]}
{[%emt 00:01:42]} Nf6 {[%clk 01:28:21]} {[%emt 00:00:19]} 8. Be2 {[%clk
01:28:19]} {[%emt 00:00:22]} O-O {[%clk 01:28:39]} {[%emt 00:00:13]} 9. O-O
{[%clk 01:28:40]} {[%emt 00:00:09]} Bd7 {[%clk 01:27:22]} {[%emt 00:01:47]} 10.
f3 {[%clk 01:28:25]} {[%emt 00:00:45]} Rc8 {[%clk 01:16:28]} {[%emt 00:11:25]}
11. b3 {[%clk 01:24:24]} {[%emt 00:04:31]} Qa5 {[%clk 01:13:39]} {[%emt
00:03:19]} 12. Qd2 {[%clk 01:21:48]} {[%emt 00:03:05]} a6 {[%clk 01:13:33]}
{[%emt 00:00:37]} 13. a3 {[%clk 01:19:39]} {[%emt 00:02:38]} Ne5 {[%clk
00:57:35]} {[%emt 00:16:28]} 14. Rfc1 {[%clk 01:16:50]} {[%emt 00:03:18]} Qc7
{[%clk 00:54:48]} {[%emt 00:03:18]} 15. Nd5 {[%clk 01:05:30]} {[%emt 00:11:49]}
Nxd5 {[%clk 00:53:46]} {[%emt 00:01:33]} 16. exd5 {[%clk 01:04:49]} {[%emt
00:01:11]} Qb8 {[%clk 00:47:55]} {[%emt 00:06:21]} 17. b4 {[%clk 00:52:32]}
{[%emt 00:12:47]} Rc7 {[%clk 00:43:08]} {[%emt 00:05:18]} 18. Ra2 {[%clk
00:41:40]} {[%emt 00:11:20]} Rfc8 {[%clk 00:42:28]} {[%emt 00:01:11]} 19. Rac2
{[%clk 00:41:22]} {[%emt 00:00:48]} Ba4 {[%clk 00:42:45]} {[%emt 00:00:13]} 20.
Rc3 {[%clk 00:40:33]} {[%emt 00:01:19]} Nd7 {[%clk 00:41:22]} {[%emt 00:01:54]}
21. Bd1 {[%clk 00:35:25]} {[%emt 00:05:38]} Bxd1 {[%clk 00:41:41]} {[%emt
00:00:12]} 22. Qxd1 {[%clk 00:35:54]} {[%emt 00:00:01]} Qa8 {[%clk 00:20:29]}
{[%emt 00:21:42]} 23. R3c2 {[%clk 00:31:55]} {[%emt 00:04:29]} Ne5 {[%clk
00:09:59]} {[%emt 00:11:00]} 24. Qe2 {[%clk 00:25:18]} {[%emt 00:07:06]} h5
{[%clk 00:06:23]} {[%emt 00:04:06]} 25. h3 {[%clk 00:23:53]} {[%emt 00:01:54]}
Kh7 {[%clk 00:06:10]} {[%emt 00:00:44]} 26. f4 {[%clk 00:20:03]} {[%emt
00:04:20]} Nd7 {[%clk 00:06:36]} {[%emt 00:00:04]} 27. f5 {[%clk 00:20:24]}
{[%emt 00:00:08]} b5 {[%clk 00:04:37]} {[%emt 00:02:30]} 28. fxg6+ {[%clk
00:17:33]} {[%emt 00:03:21]} fxg6 {[%clk 00:05:03]} {[%emt 00:00:04]} 29. Ne6
{[%clk 00:14:58]} {[%emt 00:03:05]} Rxc4 {[%clk 00:05:13]} {[%emt 00:00:20]}
30. Rxc4 {[%clk 00:15:25]} {[%emt 00:00:03]} Rxc4 {[%clk 00:05:07]} {[%emt
00:00:36]} 31. Rxc4 {[%clk 00:15:47]} {[%emt 00:00:07]} bxc4 {[%clk 00:05:28]}
{[%emt 00:00:09]} 32. Nxg7 {[%clk 00:15:39]} {[%emt 00:00:38]} Kxg7 {[%clk
00:05:53]} {[%emt 00:00:05]} 33. Qxc4 {[%clk 00:16:00]} {[%emt 00:00:08]} Nf6
{[%clk 00:05:51]} {[%emt 00:00:32]} 34. Bd4 {[%clk 00:15:25]} {[%emt 00:01:05]}
Kf7 {[%clk 00:05:47]} {[%emt 00:00:35]} 35. Bxf6 {[%clk 00:15:11]} {[%emt
00:00:44]} Kxf6 {[%clk 00:06:09]} {[%emt 00:00:08]} 36. Qd4+ {[%clk 00:14:36]}
{[%emt 00:01:04]} Kf7 {[%clk 00:06:30]} {[%emt 00:00:09]} 37. a4 {[%clk
00:14:06]} {[%emt 00:01:00]} Qe8 {[%clk 00:06:04]} {[%emt 00:00:56]} 38. Qd1
{[%clk 00:12:32]} {[%emt 00:02:03]} Qd7 {[%clk 00:06:24]} {[%emt 00:00:11]} 39.
Qf3+ {[%clk 00:11:17]} {[%emt 00:01:45]} Kg7 {[%clk 00:06:37]} {[%emt
00:00:17]} 40. Qb3 {[%clk 00:11:38]} {[%emt 00:00:07]} Qa7+ {[%clk 00:06:45]}
{[%emt 00:00:24]} 41. Kf1 {[%clk 00:09:35]} {[%emt 00:02:31]} Qd4 {[%clk
00:06:49]} {[%emt 00:00:27]} 42. b5 {[%clk 00:09:51]} {[%emt 00:00:14]} Qf4+
{[%clk 00:07:08]} {[%emt 00:00:12]} 43. Kg1 {[%clk 00:07:57]} {[%emt 00:02:24]}
1/2-1/2

[Event "ODJM A 2023"]
[Site "Willingen GER"]
[Date "2023.05.30"]
[Round "4"]
[White "Abou Wally, Adrian"]
[Black "Goldinov, Daniel"]
[Result "0-1"]
[Termination "normal"]
[Board "32"]
[WhiteElo "1753"]
[BlackElo "1880"]
[WhiteClock "00:30:40"]
[BlackClock "00:30:59"]
[PlyCount "85"]
[WhiteFideId "16245113"]
[BlackFideId "34605649"]
[EventCountry "GER"]
[EventRounds "9"]
[EventType "swiss"]
[EventDate "2023.05.27"]

1. e4 {[%clk 01:30:59]} d6 {[%clk 01:30:51]} {[%emt 00:00:09]} 2. d4 {[%clk
01:31:22]} {[%emt 00:00:07]} Nf6 {[%clk 01:31:18]} {[%emt 00:00:02]} 3. Nc3
{[%clk 01:31:44]} {[%emt 00:00:09]} g6 {[%clk 01:31:41]} {[%emt 00:00:07]} 4.
Bg5 {[%clk 01:32:00]} {[%emt 00:00:13]} Bg7 {[%clk 01:31:27]} {[%emt 00:00:44]}
5. e5 {[%clk 01:32:04]} {[%emt 00:00:27]} Nfd7 {[%clk 01:31:29]} {[%emt
00:00:27]} 6. exd6 {[%clk 01:32:27]} {[%emt 00:00:07]} cxd6 {[%clk 01:31:57]}
{[%emt 00:00:03]} 7. Qd2 {[%clk 01:32:33]} {[%emt 00:00:23]} Nf6 {[%clk
01:31:26]} {[%emt 00:01:01]} 8. Nf3 {[%clk 01:32:14]} {[%emt 00:00:49]} a6
{[%clk 01:31:28]} {[%emt 00:00:28]} 9. O-O-O {[%clk 01:31:10]} {[%emt
00:01:34]} b5 {[%clk 01:30:08]} {[%emt 00:01:51]} 10. Bh6 {[%clk 01:24:53]}
{[%emt 00:06:47]} O-O {[%clk 01:29:16]} {[%emt 00:01:21]} 11. Bxg7 {[%clk
01:07:55]} {[%emt 00:17:27]} Kxg7 {[%clk 01:28:20]} {[%emt 00:01:26]} 12. h4
{[%clk 01:07:42]} {[%emt 00:00:43]} h5 {[%clk 01:27:47]} {[%emt 00:01:03]} 13.
Bd3 {[%clk 01:02:03]} {[%emt 00:06:09]} Nbd7 {[%clk 01:23:35]} {[%emt
00:04:41]} 14. Ng5 {[%clk 00:50:41]} {[%emt 00:11:52]} Nb6 {[%clk 01:17:19]}
{[%emt 00:06:46]} 15. f3 {[%clk 00:44:56]} {[%emt 00:06:15]} Nc4 {[%clk
01:08:04]} {[%emt 00:09:48]} 16. Qf2 {[%clk 00:37:10]} {[%emt 00:08:11]} Qa5
{[%clk 01:01:58]} {[%emt 00:06:38]} 17. Bxc4 {[%clk 00:33:52]} {[%emt
00:03:49]} bxc4 {[%clk 01:02:22]} {[%emt 00:00:06]} 18. g4 {[%clk 00:29:57]}
{[%emt 00:04:25]} Rb8 {[%clk 01:00:20]} {[%emt 00:02:32]} 19. Nge4 {[%clk
00:23:14]} {[%emt 00:07:13]} Nxe4 {[%clk 00:43:58]} {[%emt 00:16:52]} 20. Nxe4
{[%clk 00:23:18]} {[%emt 00:00:27]} Qxa2 {[%clk 00:41:13]} {[%emt 00:03:14]}
21. Nc3 {[%clk 00:18:52]} {[%emt 00:04:56]} Qxb2+ {[%clk 00:38:16]} {[%emt
00:03:28]} 22. Kd2 {[%clk 00:19:17]} {[%emt 00:00:05]} Qb7 {[%clk 00:31:44]}
{[%emt 00:07:01]} 23. gxh5 {[%clk 00:19:15]} {[%emt 00:00:32]} Bf5 {[%clk
00:30:44]} {[%emt 00:01:31]} 24. hxg6 {[%clk 00:09:01]} {[%emt 00:10:43]} Bxc2
{[%clk 00:18:25]} {[%emt 00:12:50]} 25. h5 {[%clk 00:04:00]} {[%emt 00:05:31]}
fxg6 {[%clk 00:15:56]} {[%emt 00:03:28]} 26. hxg6 {[%clk 00:02:51]} {[%emt
00:02:09]} Bxg6 {[%clk 00:15:58]} {[%emt 00:00:28]} 27. Qe3 {[%clk 00:01:57]}
{[%emt 00:01:24]} Rh8 {[%clk 00:11:54]} {[%emt 00:04:33]} 28. Rxh8 {[%clk
00:02:00]} {[%emt 00:00:27]} Rxh8 {[%clk 00:12:00]} {[%emt 00:00:24]} 29. Rg1
{[%clk 00:01:40]} {[%emt 00:00:51]} Rf8 {[%clk 00:02:56]} {[%emt 00:09:33]} 30.
d5 {[%clk 00:01:10]} {[%emt 00:01:00]} Rf6 {[%clk 00:01:46]} {[%emt 00:01:40]}
31. Ke1 {[%clk 00:00:37]} {[%emt 00:01:03]} Kf7 {[%clk 00:00:56]} {[%emt
00:01:21]} 32. Qh6 {[%clk 00:00:41]} {[%emt 00:00:26]} Qb4 {[%clk 00:00:45]}
{[%emt 00:00:45]} 33. Qe3 {[%clk 00:00:45]} {[%emt 00:00:22]} Bd3 {[%clk
00:00:40]} {[%emt 00:00:34]} 34. Qd2 {[%clk 00:00:33]} {[%emt 00:00:42]} Rxf3
{[%clk 00:00:42]} {[%emt 00:00:27]} 35. Rh1 {[%clk 00:00:42]} {[%emt 00:00:22]}
Bg6 {[%clk 00:00:44]} {[%emt 00:00:27]} 36. Rf1 {[%clk 00:00:55]} {[%emt
00:00:18]} Rxf1+ {[%clk 00:00:41]} {[%emt 00:00:34]} 37. Kxf1 {[%clk 00:01:21]}
{[%emt 00:00:05]} Qc5 {[%clk 00:00:39]} {[%emt 00:00:32]} 38. Qf4+ {[%clk
00:00:52]} {[%emt 00:00:59]} Kg7 {[%clk 00:00:44]} {[%emt 00:00:24]} 39. Qh4
{[%emt 00:00:49]} Qe3 {[%clk 00:00:47]} {[%emt 00:00:25]} 40. Nd1 {[%clk
00:00:44]} {[%emt 00:00:22]} Qf3+ {[%clk 00:00:52]} {[%emt 00:00:27]} 41. Ke1
{[%clk 00:00:57]} {[%emt 00:00:14]} Qe4+ {[%clk 00:00:39]} {[%emt 00:00:43]}
42. Qxe4 {[%clk 00:30:29]} {[%emt 00:00:58]} Bxe4 {[%clk 00:30:59]} {[%emt
00:00:10]} 43. Kd2 {[%clk 00:30:40]} {[%emt 00:00:20]} 0-1